Stravovanie zamestnancov a stravné od 1. apríla 2025
V súlade so zákonom č. 311/2001 Z. z. Zákonník práce v znení neskorších predpisov má zamestnávateľ povinnosť za splnenia podmienok poskytovať zamestnancom stravovanie.
Uložené v:
| Hlavný autor: | |
|---|---|
| Médium: | Kapitola |
| Jazyk: | Slovak |
| Predmet: | |
| Tagy: |
Žiadne tagy, Buďte prvý, kto otaguje tento záznam!
|
MARC
| LEADER | 00000naa a2200000 4500 | ||
|---|---|---|---|
| 001 | 0308579 | ||
| 005 | 20250514144436.5 | ||
| 041 | 0 | |a slo | |
| 044 | |a SK | ||
| 245 | 1 | 0 | |a Stravovanie zamestnancov a stravné od 1. apríla 2025 |c Tatiana Mičudová |
| 520 | |a V súlade so zákonom č. 311/2001 Z. z. Zákonník práce v znení neskorších predpisov má zamestnávateľ povinnosť za splnenia podmienok poskytovať zamestnancom stravovanie. | ||
| 610 | 2 | 0 | |a zamestnanci |
| 610 | 2 | 0 | |a zamestnávatelia |
| 610 | 2 | 0 | |a stravné |
| 610 | 2 | 0 | |a stravovanie zamestnancov |
| 610 | 2 | 0 | |a novelizácia |
| 610 | 2 | 0 | |a právo |
| 610 | 2 | 0 | |a legislatíva |
| 610 | 2 | 0 | |a zákony |
| 100 | 1 | |a Mičudová, Tatiana | |